Kontrola inflácie prostredníctvom centrálnej banky

Prehľad ekonomických názorov na kontrolovanie inflácie. Moderná monetárna ekonómia a teória portfólií o dopyte po peniazoch. Ilustračný príklad.

Salvato in:
Dettagli Bibliografici
Autore principale: Lennerová, Ivana, 1979-
Natura: Capitolo di libro
Lingua:slovacco
Soggetti:
Tags: Aggiungi Tag
Nessun Tag, puoi essere il primo ad aggiungerne!!

MARC

LEADER 00000nla$a2200000$$$4500
001 0113552
005 20240502072249.2
041 0 |a slo 
044 |a SK 
245 1 0 |a Kontrola inflácie prostredníctvom centrálnej banky  |c Ivana Lennerová 
520 |a Prehľad ekonomických názorov na kontrolovanie inflácie. Moderná monetárna ekonómia a teória portfólií o dopyte po peniazoch. Ilustračný príklad. 
610 2 0 |a inflácia 
610 2 0 |a portfólio 
610 2 0 |a banky centrálne 
610 2 0 |a politika menová 
610 2 0 |a teórie ekonomické 
610 2 0 |a hypotézy 
610 2 0 |a cielenie inflácie 
100 1 |a Lennerová, Ivana, 1979-